MDQL
is popping MORE tags! Check the
thread
!
Quizzes
Events
Quiz Creation
Community
Videos
Private Events
Remove Ads
Sign In
Join for FREE
Feedback
Dark Mode
Quiz Categories
Sports
Geography
Music
Movies
Television
Just For Fun
Miscellaneous
History
Literature
Language
Science
Gaming
Entertainment
Religion
Holiday
For Kids
Quiz Lab
Recent
Popular Today
Quiz Kudos Today
Editor Picks
Curator Picks
Quizzes by...
Day
Popularity
Type
Ratings
Length
Year
Community
Subscriptions
Recent Discussions
Orange Saloon
Badges
Playlists
Quests
Create
Leaderboards
Showdown
Live 5
Trivia Bingo
Activity
Puzzle Library
Sporcle Events
Private Events
Virtual Trivia
Globe League
Become a Host
Pub Owners
SporcleCon
Opinionation
Our Games
Videos
Blog
Mobile Apps
Partnerships
Remove Ads and Go Orange
Feedback
Movies
Disney
Marvel Cinematic Universe
Movie Resume
Movie Titles
Oscar
Actor
Actress
Director
Pixar
Role
Movie Quotes
Movie Characters
Box Office
Nominee
Best Picture
Star Wars
James Bond
Horror Movies
Movies
Disney
Marvel Cinematic Universe
Movie Resume
Movie Titles
Oscar
Actor
Actress
Director
Pixar
Role
Movie Quotes
Movie Characters
Box Office
Nominee
Best Picture
Star Wars
James Bond
Horror Movies
Random Quiz
Search Sporcle
×
Quiz Lab
Quiz Lab
Movies
Cast
Type in answers that appear in a list
Type in answers that appear in a list
Classic
Best Score? Go Orange.
Jan Troell Films Cast Stats
Can you name the Jan Troell Films Cast?
By
Carnelian10
15m
93 Questions
10 Plays
10 Plays
10 Plays
Comments
Comments
Give Quiz Kudos
Give Quiz Kudos
-
- Ratings
hide this ad
Replay
Link that replays current quiz
Next Quiz
Link to next quiz in quiz playlist
You Got
0%
They Got
Avg Score
38%
Avg Friend Score
Upgrade to see
Score Distribution
Jump to the score distribution portion of the page
Score
0/93
Timer
15:00
0
Plays Today
Hint
Answer
% Correct
4 x 4 (1965) (segment 'Uppehall i myrlandet')
Max von Sydow
70%
Here is Your Life (1966)
Max von Sydow
70%
The Emigrants (1971)
Max von Sydow
70%
The Emigrants (1971)
Liv Ullmann
70%
The New Land (1972)
Max von Sydow
70%
The New Land (1972)
Liv Ullmann
70%
Zandy's Bride (1974)
Liv Ullmann
70%
Hurricane (1979)
Max von Sydow
70%
The Flight of the Eagle (1982)
Max von Sydow
70%
Hamsun (1996)
Max von Sydow
70%
4 x 4 (1965) (segment 'Uppehall i myrlandet')
Allan Edwall
60%
Here is Your Life (1966)
Eddie Axberg
60%
Here is Your Life (1966)
Allan Edwall
60%
The Emigrants (1971)
Pierre Lindstedt
60%
The Emigrants (1971)
Allan Edwall
60%
The Emigrants (1971)
Monica Zetterlund
60%
The New Land (1972)
Eddie Axberg
60%
The New Land (1972)
Pierre Lindstedt
60%
The New Land (1972)
Allan Edwall
60%
Gamen (1973) (TV)
Carl-Gustaf Lindstedt
60%
The Emigrants (1971)
Eddie Axberg
60%
The Emigrants (1971)
Hans Alfredson
60%
The New Land (1972)
Hans Alfredson
60%
The New Land (1972)
Monica Zetterlund
60%
Everlasting Moments (2008)
Hans Alfredson
60%
Here is Your Life (1966)
Ulf Palme
50%
Here is Your Life (1966)
Gunnar Bjornstrand
50%
Who Saw Him Die? (1968)
Per Oscarsson
50%
Who Saw Him Die? (1968)
Bengt Ekerot
50%
Gamen (1973) (TV)
Ulf Palme
50%
Bang! (1977)
Ulf Palme
50%
Hint
Answer
% Correct
As White as in Snow (2001)
Amanda Ooms
50%
The New Land (1972)
Per Oscarsson
50%
Everlasting Moments (2008)
Amanda Ooms
50%
Here is Your Life (1966)
Per Oscarsson
50%
Here is Your Life (1966)
Bengt Ekerot
50%
Who Saw Him Die? (1968)
Kerstin Tidelius
40%
Who Saw Him Die? (1968)
Per Sjostrand
40%
The Flight of the Eagle (1982)
Sverre Anker Ousdal
40%
Il capitano (1991)
Antti Reini
40%
Hamsun (1996)
Sverre Anker Ousdal
40%
Hamsun (1996)
Jesper Christensen
40%
As White as in Snow (2001)
Bjorn Granath
40%
Everlasting Moments (2008)
Jesper Christensen
40%
The Last Sentence (2012)
Jesper Christensen
40%
The Last Sentence (2012)
Pernilla August
40%
The Last Sentence (2012)
Bjorn Granath
40%
As White as in Snow (2001)
Rikard Wolff
40%
As White as in Snow (2001)
Antti Reini
40%
Everlasting Moments (2008)
Antti Reini
40%
Pojken och draken (1962, with Bo Widerberg)
Arlid Moller
30%
4 x 4 (1965) (segment 'Uppehall i myrlandet')
Karl Erik Flens
30%
Who Saw Him Die? (1968)
Ann-Marie Gyllenspetz
30%
The Flight of the Eagle (1982)
Goran Stangertz
30%
The Flight of the Eagle (1982)
Clement Harari
30%
Il capitano (1991)
Maria Heiskanen
30%
Hamsun (1996)
Ghita Norby
30%
Hamsun (1996)
Anette Hoff
30%
As White as in Snow (2001)
Bjorn Kjellman
30%
As White as in Snow (2001)
Stina Ekblad
30%
As White as in Snow (2001)
Shanti Roney
30%
As White as in Snow (2001)
Maria Heiskanen
30%
Hint
Answer
% Correct
Everlasting Moments (2008)
Maria Heiskanen
30%
Everlasting Moments (2008)
Ghita Norby
30%
The Last Sentence (2012)
Ulla Skoog
30%
The Last Sentence (2012)
Maria Heiskanen
30%
The Last Sentence (2012)
Peter Andersson
30%
Pojken och draken (1962, with Bo Widerberg)
Bodil Mathiasson
20%
Pojken och draken (1962, with Bo Widerberg)
Ulla-Greta Starck
20%
Pojken och draken (1962, with Bo Widerberg)
Rune Turesson
20%
Gamen (1973) (TV)
Tomas von Bromssen
20%
Gamen (1973) (TV)
Oscar Ljung
20%
Gamen (1973) (TV)
Toivo Pawlo
20%
Zandy's Bride (1974)
Gene Hackman
20%
Zandy's Bride (1974)
Eileen Heckart
20%
Zandy's Bride (1974)
Susan Tyrrell
20%
Zandy's Bride (1974)
Harry Dean Stanton
20%
Hurricane (1979)
Trevor Howard
20%
The Flight of the Eagle (1982)
Eva von Hanno
20%
Hamsun (1996)
Erik Hivju
20%
Hamsun (1996)
Liv Steen
20%
The Flight of the Eagle (1982)
Lotta Larsson
20%
Bang! (1977)
Susan Hampshire
10%
Bang! (1977)
Alf Heilberg
10%
Bang! (1977)
Hakan Serner
10%
Hurricane (1979)
Jason Robards
10%
Hurricane (1979)
Mia Farrow
10%
Hurricane (1979)
Timothy Bottoms
10%
Il capitano (1991)
Berto Marklund
10%
Everlasting Moments (2008)
Mikael Persbrandt
10%
Everlasting Moments (2008)
Emil Jensen
10%
Hurricane (1979)
James Keach
10%
Bang! (1977)
Yvonne Lombaud
0%
Quiz Playlist
Details
Report
Send in Message
Add To Playlist
Classic:
Type in answers that appear in a list
Last Updated: Feb 16, 2017
Quiz Scoreboard
CHALLENGE
Sign Up to Join the Scoreboard
Show All
Scores
Hide
Comments
May contain spoilers
Recently Published
5x2 Blitz: Bands
by SL_Kpop136
Music
30s
Colored Red Africa Blitz
by spor1
Geography
30s
Find the 'City' Movie
by crazypaving
Movies
60s
More to Explore
Quiz From the Vault
Featured Blog Post
14 Easter Pick-up Lines to Find Eggs With
hide this ad
You Might Also Like...
Tags
Cast Quiz
jan
Today's Top Quizzes in Movies
Browse Movies
hide this ad
Today's Top Quizzes in Cast
Browse Cast
Top Contributed Quizzes in Movies
1
Find The 'Big' Movie
2
Find The 'Wild' Movie
3
Find The 'Blue' Movie
4
Movies By Plot
5
Hidden Star Wars Character II
6
Hidden Star Wars Character III
7
Pick 5 Posters: Directed by Spielberg
8
Hidden Star Wars Character IV
9
Alfred Hitchcock Movies by Plot
10
Hidden Star Wars Character V
Explore More
Trending Topics
Anime
Marvel
Crossword
Disney
Harry Potter
Kpop
NBA
Pokémon
Soccer
Puzzle
WWE
Song
NFL
The Office
Country
hide this ad
More By:
Carnelian10
Quiz
Plays
Rating
Category
Featured
Created
Classic Carry On Films & TV Cast (1958-1969)
1,786
4.00
Movies
Apr 5, 2016
Classic Carry On Films & TV Cast (1970-1992)
1,368
5.00
Movies
Jun 4, 2016
Casts of the Official James Bond Films
1,129
5.00
Movies
Jun 20, 2016
Hammer Studios Horror Films
756
5.00
Movies
Feb 10, 2016
Alfred Hitchcock Films Cast
619
5.00
Movies
Jun 8, 2016
Go to Creator's Profile
Score Distribution
Quiz Creator Spotlight
Carnelian10
Follow
Send a Message
Quizzes Created
-
Created Quiz Play Count
-
More By This Creator
Popular Quizzes Today
1
Colored Red Africa Blitz
2
Find the 'City' Movie
3
Find the US States - No Outlines Minefield
4
5x2 Blitz: Bands
5
The Countries of the World
6
Find the US States
7
US States
8
9x9 Crossword: Cartoon Network
More Movies Quizzes
15 Seconds of Fame: Patrick Swayze
Quiz Lab
Trending Quizzes
Colored Red Europe Blitz I
Colored Red Europe Blitz II
Colored Red Africa Blitz II
Colored Red Europe Blitz III
Colored Red Africa Blitz III
Recently Updated
How Do You Spell That?
pecheneg
Godzilla Movies
pecheneg
Grab Bag: 4-10 Letters
pecheneg
2024 March Madness Bracket
pecheneg
Famous TV Couples
Peacemaker
Champions League XIs: Real Madrid
pecheneg
Largest US Cities 1790-2010
pecheneg
Rides in Walt Disney World
pecheneg
Most Oscar Losses (Acting)
pecheneg
Beyoncé Albums
pecheneg
Trending Topics
NBA
Marvel
Kpop
Disney
Anime
Harry Potter
Crossword
NFL
Song
Puzzle
Soccer
Country
WWE
Pokémon
The Office
Your Account Isn't Verified!
In order to create a playlist on Sporcle, you need to verify the email address you used during registration. Go to your
Sporcle Settings
to finish the process.
Report this User
Report this user for behavior that violates our
Community Guidelines
.
Details:
Send Report
Go to the Sporcle.com Mobile Site →
Comments